Λογοθέτης Λυκούργος : ο μεγάλος σαμιώτης αρχηγός του '21

Αποθηκεύτηκε σε:
Λεπτομέρειες βιβλιογραφικής εγγραφής
Κύριος συγγραφέας: Ζαφείρης, Γιάννης Α.
Μορφή: Βιβλίο
Γλώσσα:Greek
Δημοσίευση: Αθήνα : [χ.ο], 1977.
Θέματα:
Ετικέτες: Προσθήκη ετικέτας
Δεν υπάρχουν, Καταχωρήστε ετικέτα πρώτοι!

MARC

LEADER 00000cam a2200000 i 4500
001 1/59236
008 960122s1977 gr | ||| |||| ||gre||
035 |a 1995  |c ΒΙΒΛΙΟΘΗΚΗ  |l 10046046 
040 |a GR-MyUA  |b gre  |e AACR2 
041 0 |a gre 
082 7 |a 938.975   |2 (22) 
100 1 |a Ζαφείρης, Γιάννης Α. 
245 1 0 |a Λογοθέτης Λυκούργος :   |b ο μεγάλος σαμιώτης αρχηγός του '21 /   |c Γιάννη Α.Ζαφείρη.  
260 |a Αθήνα :   |b [χ.ο],   |c 1977.  
300 |a 459 σ. ;   |c 25 εκ. 
600 1 0 |a Λογοθέτης, Λυκούργος,   |d 1772-1850. 
651 0 |a Samos (Greece : Municipality)  |x History. 
852 |a INST  |b SAMOS  |e 19960122  |h 938.975 ΖΑΦ  |p 005300004431  |q 005300004431  |t BK  |y 0 
852 |a INST  |b SAMOS  |e 20051019  |h 938.975 ΖΑΦ  |p 005300024832  |q 005300024832  |t BK  |y 0 
909 |a Σ  |b 041542 
909 |a Σ  |b 114858 
970 |z 1996/01